000 00522nam a22001937a 4500
003 OSt
005 20140310181713.0
008 121211t xxu||||| |||| 00| 0 eng d
050 _aBT 738
_b.Al3311990
082 _aFIL 261
_bAl14 1990
100 _aAlberione, James
245 _aDesign for a just society /
_cJames Alberione.
260 _aBoston, Mass. :
_bDaughters of Saint Paul,
_c1976.
300 _a247 p. :
_bill. ;
_c23 cm.
526 _c1210L-1700L
562 _e1
942 _2lcc
_cBK
_kFIL
999 _c1627
_d1627